European national motorway numbers 2 - Statistics

General Stats
  • This quiz has been taken 6 times
  • The average score is 6 of 9
Answer Stats
Picture Answer % Correct
Hungary
83%
Poland
83%
Czechia
67%
Greece
67%
Portugal
67%
Romania
67%
Ireland
50%
Luxembourg
33%
Netherlands
33%
No matching quizzes found
Score Distribution
Percent of People with Each Score
Percentile by Number Answered
Your Score History
You have not taken this quiz